The search for Chemchemi/ (Record no. 200921)

MARC details
000 -LEADER
fixed length control field 00500nam a22001697a 4500
005 - DATE AND TIME OF LATEST TRANSACTION
control field 20240220122353.0
010 ## - LCCN (DPL NO)
LC control number ENG-139372
020 ## - INTERNATIONAL STANDARD BOOK NUMBER
Terms of availability 949.00
International Standard Book Number 9789390746958
035 ## - SYSTEM CONTROL NUMBER
System control number EN-122904
037 ## - SOURCE OF ACQUISITION
Source of stock number/acquisition DBAD/PUB
100 ## - MAIN ENTRY--PERSONAL NAME
Personal name Kaswa,Lenine Morfontem
245 ## - TITLE STATEMENT
Title The search for Chemchemi/
Statement of responsibility, etc Lenine Morfontem Kaswa
260 ## - PUBLICATION, DISTRIBUTION, ETC. (IMPRINT)
Place of publication, distribution, etc Belgharia
Name of publisher, distributor, etc Exceller Books
Date of publication, distribution, etc 2021
270 ## - ADDRESS
Address G1,Dream Apartment,Degree College Road
City Kolkata
Postal code 700056
300 ## - PHYSICAL DESCRIPTION
Extent 97p.
Dimensions 22cm(pb)
942 ## - ADDED ENTRY ELEMENTS (KOHA)
Source of classification or shelving scheme Dewey Decimal Classification
Item type English Books
Call number suffix KAS
Classification part N
Holdings
Withdrawn status Lost status Not for loan Collection code Home library Current library Date acquired Source of acquisition Cost, normal purchase price Full call number Barcode Cost, replacement price Koha item type
      Non-fiction Central Library Central Library 20/02/2024 DBAD 949.00 KAS N EN-122904 949.00 English Books

© Delhi Public Library
Hit Counter
free hit counter